|
|
|
|
| LEADER |
00000cam a22000004a 4500 |
| 001 |
musev2_15541 |
| 003 |
MdBmJHUP |
| 005 |
20230905041707.0 |
| 006 |
m o d |
| 007 |
cr||||||||nn|n |
| 008 |
000211s2000 quc o 00 0 fre d |
| 020 |
|
|
|a 9782760516328
|
| 020 |
|
|
|z 9782760510388
|
| 035 |
|
|
|a (OCoLC)236364124
|
| 040 |
|
|
|a MdBmJHUP
|c MdBmJHUP
|
| 100 |
1 |
|
|a Sabourin, Vincent.
|
| 245 |
1 |
2 |
|a L'industrie touristique :
|b Stratégie concurrentielle des entreprises /
|c Vincent Sabourin.
|
| 264 |
|
1 |
|a Sainte-Foy [Que.] :
|b Presses de l'Universite du Quebec,
|c 2000.
|
| 264 |
|
3 |
|a Baltimore, Md. :
|b Project MUSE,
|c 2013
|
| 264 |
|
4 |
|c ©2000.
|
| 300 |
|
|
|a 1 online resource (164 pages).
|
| 336 |
|
|
|a text
|b txt
|2 rdacontent
|
| 337 |
|
|
|a computer
|b c
|2 rdamedia
|
| 338 |
|
|
|a online resource
|b cr
|2 rdacarrier
|
| 490 |
0 |
|
|a Collection Tourisme
|
| 506 |
0 |
|
|a Open Access
|f Unrestricted online access
|2 star
|
| 588 |
|
|
|a Description based on print version record.
|
| 650 |
1 |
7 |
|a Tourisme.
|2 rasuqam
|
| 650 |
|
7 |
|a Strategie de marketing.
|2 rasuqam
|
| 650 |
|
7 |
|a Planification strategique.
|2 rasuqam
|
| 650 |
|
7 |
|a Concurrence.
|2 rasuqam
|
| 650 |
|
7 |
|a Tourism
|x Marketing.
|2 fast
|0 (OCoLC)fst01153181
|
| 650 |
|
7 |
|a Tourism
|x Management.
|2 fast
|0 (OCoLC)fst01153180
|
| 650 |
|
7 |
|a Strategic planning.
|2 fast
|0 (OCoLC)fst01134371
|
| 650 |
|
6 |
|a Planification strategique.
|
| 650 |
|
6 |
|a Tourisme
|x Marketing.
|
| 650 |
|
6 |
|a Tourisme
|x Gestion.
|
| 650 |
|
0 |
|a Strategic planning.
|
| 650 |
|
0 |
|a Tourism
|x Marketing.
|
| 650 |
|
0 |
|a Tourism
|x Management.
|
| 655 |
|
7 |
|a Livres numeriques.
|2 rvmgf
|
| 655 |
|
7 |
|a Ressource Internet (Descripteur de forme)
|2 rasuqam
|
| 655 |
|
7 |
|a Livre electronique (Descripteur de forme)
|2 rasuqam
|
| 655 |
|
7 |
|a e-books.
|2 aat
|
| 655 |
|
7 |
|a Electronic books.
|2 local
|
| 710 |
2 |
|
|a Project Muse.
|e distributor
|
| 830 |
|
0 |
|a Book collections on Project MUSE.
|
| 856 |
4 |
0 |
|z Texto completo
|u https://projectmuse.uam.elogim.com/book/15541/
|
| 945 |
|
|
|a Project MUSE - Archive Complete Supplement
|